Central Library OPAC University of Rajshahi

Legends of the saints / (Record no. 60791)

MARC details
000 -LEADER
fixed length control field 00639nam a2200217 a 4500
001 - CONTROL NUMBER
control field 60791
003 - CONTROL NUMBER IDENTIFIER
rucl marc code BD-RjUL
005 - DATE AND TIME OF LATEST TRANSACTION
control field 20211209080901.0
008 - FIXED-LENGTH DATA ELEMENTS--GENERAL INFORMATION
fixed length control field 170103q1958 enk 000 0 eng
035 ## - SYSTEM CONTROL NUMBER
System control number (BD-RjUL)60915
040 ## - CATALOGING SOURCE
Original cataloging agency DLC
Transcribing agency FM
Modifying agency BD-RjUL
Language of cataloging eng
041 ## - LANGUAGE CODE
Language code of text/sound track or separate title eng
082 00 - DEWEY DECIMAL CLASSIFICATION NUMBER
Classification number 282.0922
Edition number 23
Author mark and year TUL 1958
100 1# - MAIN ENTRY--PERSONAL NAME
Personal name Turnbull, E. Lucia.
9 (RLIN) 181177
245 10 - TITLE STATEMENT
Title Legends of the saints /
Statement of responsibility, etc. E. Lucia.Turnbull,
260 ## - PUBLICATION, DISTRIBUTION, ETC. (IMPRINT)
Place of publication, distribution, etc. London :
Name of publisher, distributor, etc. oxford university press,
Date of publication, distribution, etc. 1957 [reprinted 1958]
300 ## - PHYSICAL DESCRIPTION
Pagination 112 p. :
Illustrations ill. ;
Size 22 cm.
650 #0 - SUBJECT ADDED ENTRY--TOPICAL TERM
Topical term or geographic name as entry element Christian saints
Form subdivision Juvenile literature.
9 (RLIN) 181178
942 ## - ADDED ENTRY ELEMENTS (KOHA)
Source of classification or shelving scheme Dewey Decimal Classification
Koha item type Books
Holdings
Lost status Source of classification or shelving scheme Damaged status Not for loan Collection code Permanent Location Current Location Shelving location Date acquired Source of acquisition Cost, normal purchase price Total Checkouts Full call number Date last seen Copy number Koha item type
  Dewey Decimal Classification   Not For Loan Non-fiction Central Library, University of Rajshahi Central Library, University of Rajshahi Reading Room 24/09/1970 Zeitlinger 12.00   282.0922 TUL 1958 03/01/2017 C-1 Books